|
|
|
|
| LEADER |
01313cam a2200325 a 4500 |
| 001 |
27330 |
| 005 |
20150131111337.0 |
| 008 |
130729s2009 nyua b 001 0 eng |
| 010 |
|
|
|a 2008024388
|
| 020 |
|
|
|a 9780136056522 (alk. paper)
|
| 020 |
|
|
|a 0136056520
|
| 040 |
|
|
|a DLC
|c DLC
|d DLC
|d BD-DhAAL
|
| 050 |
0 |
0 |
|a H97
|b .C56 2009
|
| 082 |
0 |
0 |
|a 320.6
|2 22
|
| 999 |
|
|
|c 13765
|d 13765
|
| 999 |
|
|
|c 13765
|
| 100 |
1 |
|
|a Clemons, Randall S.
|9 2394
|
| 245 |
1 |
0 |
|a Public policy praxis :
|b a case approach for understanding policy and analysis /
|c Randy S. Clemons, Mark K. McBeth.
|
| 250 |
|
|
|a 2nd ed.
|
| 260 |
|
|
|a New York :
|b Pearson / Longman,
|c c2009.
|
| 300 |
|
|
|a xiv, 338 p. :
|b ill. ;
|c 24 cm.
|
| 500 |
|
|
|a Rev. ed. of: Public policy praxis--theory and pragmatism : a case approach / Randall S. Clemons, Mark K. McBeth. 2001.
|
| 504 |
|
|
|a Includes bibliographical references (p. 326-332) and index.
|
| 541 |
|
|
|e 27330
|
| 650 |
|
0 |
|a Policy sciences.
|9 2395
|
| 650 |
|
0 |
|a Policy sciences
|v Case studies.
|9 2396
|
| 700 |
1 |
|
|a McBeth, Mark K.
|9 2397
|
| 700 |
1 |
|
|a Clemons, Randall S.
|t Public policy praxis--theory and pragmatism.
|9 2398
|
| 942 |
|
|
|2 ddc
|c BK
|
| 952 |
|
|
|0 0
|1 0
|2 ddc
|4 0
|6 320_600000000000000_CLE
|7 0
|9 23023
|a IGS
|b IGS
|c GEN
|d 2013-07-29
|e Parama
|g 6598.00
|l 0
|o 320.6 CLE
|p 3010027330
|r 2013-07-29
|t 1
|w 2013-07-29
|y BK
|